LEADER 01456 am 22003013u 450 001 9910765855803321 005 20200109 024 7 $a10.3726/b12673 035 $a(CKB)4100000007523726 035 $a(OAPEN)1003938 035 $a(EXLCZ)994100000007523726 100 $a20200109d|||| uy 101 0 $ager 135 $auuuuu---auuuu 200 14$aDie Glossolalie der Liebe 210 $aBern$cPeter Lang International Academic Publishers$d2001 215 $a1 online resource (204) 311 $a3-87690-804-3 330 $aLove discourses, according to the basic thesis of the work, are figurative in Narbikova's texts as constituting the text. Their characteristic is the shift from (love) semantics to a specific (love) rhetoric. Love discourses in the textual presentation are no longer constituted through the traditional narration of love stories or stories about love, but through a practice of love-speech. As a result, language no longer functions as a means of description, but itself becomes the object of description and reflection. Examining this phenomenon in conjunction with the theme of love discourses is the main interest of the work. 517 $aSlavistische Beitraege vol. 407 606 $aLanguage$2bicssc 615 7$aLanguage 676 $a891.73/5 700 $aLange$b Katrin$4aut$0727625 906 $aBOOK 912 $a9910765855803321 996 $aDie Glossolalie der Liebe$93020704 997 $aUNINA LEADER 03509nam 22007215 450 001 9910298453503321 005 20200705021210.0 010 $a3-319-22437-9 024 7 $a10.1007/978-3-319-22437-4 035 $a(CKB)3710000000498916 035 $a(EBL)4178487 035 $a(SSID)ssj0001583758 035 $a(PQKBManifestationID)16263894 035 $a(PQKBTitleCode)TC0001583758 035 $a(PQKBWorkID)14865836 035 $a(PQKB)11243337 035 $a(DE-He213)978-3-319-22437-4 035 $a(MiAaPQ)EBC4178487 035 $a(PPN)190525444 035 $a(EXLCZ)993710000000498916 100 $a20151030d2015 u| 0 101 0 $aeng 135 $aur|n|---||||| 181 $ctxt 182 $cc 183 $acr 200 10$aAdvanced Microscopy in Mycology /$fedited by Tanya E. S. Dahms, Kirk J. Czymmek 205 $a1st ed. 2015. 210 1$aCham :$cSpringer International Publishing :$cImprint: Springer,$d2015. 215 $a1 online resource (171 p.) 225 1 $aFungal Biology,$x2198-7777 300 $aDescription based upon print version of record. 311 $a3-319-22436-0 320 $aIncludes bibliographical references at the end of each chapters and index. 327 $aApplications of Confocal Laser Scanning Microscopy in Filamentous Fungi -- Fluorescence-based Methods for the Study of Protein Localization, Interaction, and Dynamics in Filamentous Fungi -- Super Resolution Microscopy: SIM, STED and Localization Microscopy -- Fourier Transform Infrared (FTIR) Microscopy and Imaging of Fungi -- Whole Cells Imaged by Hard X-ray Transmission Microscopy -- In situ Nanocharacterization of Yeast Cells Using ESEM and FIB -- Imaging Living Yeasts Cells and Quantifying Their Biophysical Properties by Atomic Force Microscopy -- Future Directions in Mycological Microscopy. 330 $aThis volume provides insight into the principles underscoring various advanced microscopy methods and how they have been, or have the potential to be, applied to mycology. Offering a comprehensive overview of the confocal principle, confocal laser scanning microscopy and its application to fungal biology, this text also examines the newer sophisticated fluorescence-based methods of technology. 410 0$aFungal Biology,$x2198-7777 606 $aMicroscopy 606 $aPlant physiology 606 $aCytology 606 $aDevelopmental biology 606 $aBiological Microscopy$3https://scigraph.springernature.com/ontologies/product-market-codes/L26000 606 $aPlant Physiology$3https://scigraph.springernature.com/ontologies/product-market-codes/L33020 606 $aCell Biology$3https://scigraph.springernature.com/ontologies/product-market-codes/L16008 606 $aDevelopmental Biology$3https://scigraph.springernature.com/ontologies/product-market-codes/L18000 615 0$aMicroscopy. 615 0$aPlant physiology. 615 0$aCytology. 615 0$aDevelopmental biology. 615 14$aBiological Microscopy. 615 24$aPlant Physiology. 615 24$aCell Biology. 615 24$aDevelopmental Biology. 676 $a589.2 702 $aDahms$b Tanya E. S$4edt$4http://id.loc.gov/vocabulary/relators/edt 702 $aCzymmek$b Kirk J$4edt$4http://id.loc.gov/vocabulary/relators/edt 801 0$bMiAaPQ 801 1$bMiAaPQ 801 2$bMiAaPQ 906 $aBOOK 912 $a9910298453503321 996 $aAdvanced Microscopy in Mycology$92502181 997 $aUNINA